000
00256 a2200097 4500
001
49024
100
_a
Yar Hafiz Ahmed
245
_a
Islamiat (Lazmi) Degree Classes Kay Liay
260
_a
Rawalpindi
_b
Allama Iqbal Open University
_c
090
_c
31840
_d
31840
942
_a
NUST-CAE
_c
M
_c
24270
999
_c
284097
_d
284097